[Event "Titled Tuesday intern op 06th Feb Late"]
[Site "Chess.com INT"]
[Date "2024.02.06"]
[Round "2"]
[White "Khater, Sherif"]
[Black "Khodabandeh, Milad"]
[Result "1-0"]
[WhiteElo "2012"]
[BlackElo "1936"]
[PlyCount "85"]
[EventDate "2024.02.06"]
[EventType "swiss (blitz)"]
[EventRounds "11"]
[EventCountry "USA"]
[SourceTitle "CB07_2024"]
[SourceDate "2024.02.14"]
[SourceVersion "1"]
[SourceVersionDate "2024.02.14"]
[SourceQuality "1"]

1. Nf3 Nf6 2. b3 d6 3. Bb2 e5 4. e3 Be7 5. d4 exd4 6. Nxd4 0-0 7. Be2 Nc6 8. 0-0 Nxd4 9. Bxd4 Bf5 10. Nd2 Ne4 11. Bf3 Nxd2 12. Qxd2 c6 13. Rad1 Bf6 14. e4 Bg6 15. Bxf6 Qxf6 16. Qxd6 Qb2 17. Qc5 Qxa2 18. Rd7 b6 19. Qc3 Qa6 20. Qxc6 Rac8 21. Rc7 Rxc7 22. Qxc7 Rc8 23. Rd1 h6 24. Rd8+ Rxd8 25. Qxd8+ Kh7 26. h4 Qa1+ 27. Kh2 Qc1 28. Kg3 Qxc2 29. Qd5 a5 30. h5 Qc7+ 31. Kh3 Qc8+ 32. Kh2 Qc7+ 33. g3 Qc5 34. hxg6+ fxg6 35. Qxc5 bxc5 36. Be2 g5 37. Kg2 Kg6 38. Kf3 h5 39. Ba6 Kf6 40. Ke3 Ke5 41. f4+ gxf4+ 42. gxf4+ Kd6 43. Bc8 1-0

[Event "Titled Tuesday intern op 16th Jan Late"]
[Site "Chess.com INT"]
[Date "2024.01.16"]
[Round "5"]
[White "Khater, Sherif"]
[Black "Miszler, Levente"]
[Result "1-0"]
[WhiteElo "2012"]
[BlackElo "2265"]
[PlyCount "51"]
[EventDate "2024.01.16"]
[EventType "swiss (blitz)"]
[EventRounds "11"]
[EventCountry "USA"]
[SourceTitle "CB04_2024"]
[SourceDate "2023.10.16"]
[SourceVersion "1"]
[SourceVersionDate "2023.10.16"]
[SourceQuality "1"]

1. d4 Nf6 2. Bg5 Ne4 3. Bf4 c5 4. f3 Nf6 5. dxc5 Qa5+ 6. Qd2 Qxc5 7. Nc3 a6 8. 0-0-0 e6 9. g4 d5 10. e4 Bd6 11. e5 d4 12. Qxd4 Qxd4 13. Rxd4 Bc5 14. Rd1 Nfd7 15. Ne4 Be7 16. Nd6+ Bxd6 17. exd6 Nc6 18. Ne2 0-0 19. Nc3 e5 20. Bg3 Nc5 21. Nd5 Be6 22. Nc7 Rad8 23. Bf2 Nd4 24. c3 Nxf3 25. Bxc5 Bxg4 26. d7 1-0

[Event "Titled Tuesday intern op 14th Nov Early"]
[Site "Chess.com INT"]
[Date "2023.11.14"]
[Round "7"]
[White "Yaniuk, Volodymyr"]
[Black "Khater, Sherif"]
[Result "1-0"]
[WhiteElo "2223"]
[BlackElo "2012"]
[PlyCount "173"]
[EventDate "2023.11.14"]
[EventType "swiss (blitz)"]
[EventRounds "11"]
[EventCountry "USA"]
[SourceTitle "CB47_2023"]
[SourceDate "2023.11.22"]
[SourceVersion "1"]
[SourceVersionDate "2023.11.22"]
[SourceQuality "1"]

1. d4 a6 2. e4 c6 3. f4 d5 4. e5 e6 5. Nf3 Ne7 6. Bd3 c5 7. dxc5 Nbc6 8. Be3 d4 9. Nxd4 Nxd4 10. Bxd4 Nd5 11. 0-0 Qc7 12. Nc3 Bxc5 13. Bxc5 Qxc5+ 14. Rf2 Nxc3 15. bxc3 Qxc3 16. Qe1 Qxe1+ 17. Rxe1 Bd7 18. f5 0-0-0 19. Bc4 Kb8 20. fxe6 Bxe6 21. Bxe6 fxe6 22. Rf7 Rd2 23. Rb1 b5 24. a4 Rxc2 25. axb5 a5 26. Rxg7 a4 27. Rg4 a3 28. Ra4 a2 29. Ra1 Rg8 30. g3 Rg5 31. R4xa2 Rxa2 32. Rxa2 Rxe5 33. Ra6 Kb7 34. Kg2 h5 35. Kf3 Rf5+ 36. Kg2 Re5 37. h4 Kc7 38. Rc6+ Kd7 39. Rb6 Kc7 40. Ra6 Kb7 41. Kf3 Kc7 42. Kf4 Rf5+ 43. Ke4 Rf6 44. Rc6+ Kb7 45. Rc5 Rg6 46. Rg5 Rh6 47. Kf4 Kb6 48. Ke4 Kc7 49. Re5 Kd6 50. b6 Rg6 51. Rg5 Rh6 52. b7 Kc7 53. Rb5 Kb8 54. Kf4 Rg6 55. Kf3 Rf6+ 56. Ke3 Rg6 57. Kf4 Rg4+ 58. Kf3 Rg6 59. Rxh5 Kxb7 60. Rg5 Rh6 61. Kg4 Kc6 62. Ra5 Kd6 63. h5 Rh8 64. Kh4 e5 65. g4 e4 66. Kg5 Rf8 67. Ra1 Ke5 68. h6 Rg8+ 69. Kh5 Kf4 70. Rf1+ Kg3 71. g5 e3 72. g6 Rd8 73. h7 Kg2 74. Re1 Kf2 75. Rxe3 Kxe3 76. g7 Rd5+ 77. Kg6 Kf4 78. h8Q Rd6+ 79. Kh7 Kg5 80. Qe8 Rh6+ 81. Kg8 Ra6 82. Kf8 Ra7 83. g8Q+ Kf6 84. Qgf7+ Rxf7+ 85. Qxf7+ Kg5 86. Qg7+ Kh5 87. Qg1 1-0

[Event "Titled Tuesday intern op 24th Oct Late"]
[Site "Chess.com INT"]
[Date "2023.10.24"]
[Round "2"]
[White "Eljanov, Pavel"]
[Black "Khater, Sherif"]
[Result "0-1"]
[WhiteElo "2695"]
[BlackElo "2012"]
[PlyCount "100"]
[EventDate "2023.10.24"]
[EventType "swiss (blitz)"]
[EventRounds "11"]
[EventCountry "USA"]
[SourceTitle "Mega2024 Update 01"]
[Source "Chessbase"]
[SourceDate "2023.11.12"]
[SourceVersion "1"]
[SourceVersionDate "2023.11.12"]
[SourceQuality "1"]

1. d4 a6 2. e4 c6 3. c3 d5 4. e5 Bf5 5. Ne2 e6 6. Ng3 Bg6 7. h4 h6 8. h5 Bh7 9. Bd3 Bxd3 10. Qxd3 Nd7 11. f4 c5 12. f5 cxd4 13. cxd4 Bb4+ 14. Nc3 Ne7 15. 0-0 Qb6 16. Bd2 Nxe5 17. Qe2 Nc4 18. Bf4 Qxd4+ 19. Kh2 Qb6 20. Na4 Qc6 21. b3 0-0 22. fxe6 fxe6 23. bxc4 Qxa4 24. Qxe6+ Kh8 25. Bxh6 Qc6 26. Qxc6 bxc6 27. Bg5 dxc4 28. Rfc1 Nf5 29. Rxc4 Bd6 30. Bf4 Bxf4 31. Rxf4 Nxg3 32. Kxg3 Rxf4 33. Kxf4 Rf8+ 34. Ke5 Kh7 35. Kd6 Rf6+ 36. Kc5 Kh6 37. a4 Kxh5 38. Ra2 Kh4 39. a5 g5 40. Kb6 c5+ 41. Kxc5 g4 42. Ra3 Rf2 43. g3+ Kh3 44. Kb6 Rf3 45. Ra1 Rf6+ 46. Kc5 Kxg3 47. Rb1 Kh3 48. Rb6 Rf5+ 49. Kb4 g3 50. Rxa6 g2 0-1

[Event "Titled Tuesday intern op 15th Aug Late"]
[Site "Chess.com INT"]
[Date "2023.08.15"]
[Round "4"]
[White "Khater, Sherif"]
[Black "Figorito, Nick"]
[Result "1-0"]
[WhiteElo "2012"]
[BlackElo "2036"]
[PlyCount "51"]
[EventDate "2023.08.15"]
[EventType "swiss (blitz)"]
[EventRounds "11"]
[EventCountry "USA"]
[SourceTitle "EXT 2024"]
[Source "ChessBase"]
[SourceDate "2023.10.10"]
[SourceVersion "1"]
[SourceVersionDate "2023.10.10"]
[SourceQuality "1"]

1. e4 e6 2. g3 d5 3. Bg2 d4 4. d3 c5 5. Ne2 Nc6 6. 0-0 e5 7. f4 Bg4 8. h3 Bxe2 9. Qxe2 Qd7 10. fxe5 Nxe5 11. Qh5 Bd6 12. Na3 g6 13. Qe2 0-0-0 14. Bf4 f6 15. b3 g5 16. Bxe5 Bxe5 17. Nc4 Bxg3 18. e5 Bxe5 19. Nxe5 fxe5 20. Qxe5 Ne7 21. Rf7 Nc6 22. Qg7 Qe8 23. Rc7+ Kb8 24. Rxb7+ Ka8 25. Rxa7+ Kb8 26. Qc7# 1-0

[Event "Titled Tuesday intern op 15th Aug Late"]
[Site "Chess.com INT"]
[Date "2023.08.15"]
[Round "6"]
[White "Pakleza, Zbigniew"]
[Black "Khater, Sherif"]
[Result "1-0"]
[WhiteElo "2482"]
[BlackElo "2012"]
[PlyCount "87"]
[EventDate "2023.08.15"]
[EventType "swiss (blitz)"]
[EventRounds "11"]
[EventCountry "USA"]
[SourceTitle "EXT 2024"]
[Source "ChessBase"]
[SourceDate "2023.10.10"]
[SourceVersion "1"]
[SourceVersionDate "2023.10.10"]
[SourceQuality "1"]

1. d4 a6 2. Nf3 d5 3. Bf4 Nf6 4. e3 g6 5. c4 Bg7 6. Nc3 c6 7. cxd5 cxd5 8. Bd3 0-0 9. h3 Nbd7 10. 0-0 b5 11. a4 b4 12. Nb1 a5 13. Qe2 Bb7 14. Nbd2 Rc8 15. Rfc1 Qb6 16. Nb3 Rxc1+ 17. Rxc1 Rc8 18. Rxc8+ Bxc8 19. Qc2 Ba6 20. Bxa6 Qxa6 21. Bc7 Qc4 22. Ne1 e5 23. Nxa5 Qa2 24. dxe5 Ne4 25. Nd3 b3 26. Nxb3 Qxa4 27. f3 Ng5 28. Nd4 Qa1+ 29. Kh2 Qf1 30. b4 h5 31. h4 Ne6 32. Nxe6 fxe6 33. b5 Qa1 34. f4 Qa7 35. Qc6 Qxe3 36. Qxd7 Qxd3 37. Qxe6+ Kh7 38. b6 Qe3 39. Qh3 Qxf4+ 40. Qg3 Qb4 41. e6 Qe4 42. b7 g5 43. b8Q gxh4 44. Qf3 1-0

[Event "Titled Tuesday intern op 01st Aug Late"]
[Site "Chess.com INT"]
[Date "2023.08.01"]
[Round "3"]
[White "Khater, Sherif"]
[Black "Bortnyk, Olexandr"]
[Result "0-1"]
[WhiteElo "2012"]
[BlackElo "2608"]
[PlyCount "134"]
[EventDate "2023.08.01"]
[EventType "swiss (blitz)"]
[EventRounds "11"]
[EventCountry "USA"]
[SourceTitle "EXT 2024"]
[Source "ChessBase"]
[SourceDate "2023.10.10"]
[SourceVersion "1"]
[SourceVersionDate "2023.10.10"]
[SourceQuality "1"]

1. e4 Nf6 2. Nc3 d5 3. exd5 Nxd5 4. Bc4 Nb6 5. Bb3 c5 6. d3 Nc6 7. Nf3 Bf5 8. h3 e6 9. 0-0 Be7 10. Na4 0-0 11. Nxb6 axb6 12. Re1 b5 13. a3 Bf6 14. g4 Bg6 15. Qe2 Nd4 16. Nxd4 Bxd4 17. Rb1 Qd6 18. Be3 Rfc8 19. Bxd4 Qxd4 20. Qe3 Qxe3 21. Rxe3 c4 22. dxc4 bxc4 23. Ba2 Bxc2 24. Rc1 Bd3 25. Bb1 Bxb1 26. Rxb1 Rd8 27. Rc1 b5 28. Re5 Rd5 29. Re4 Rd2 30. Rb1 Rad8 31. a4 bxa4 32. Rxc4 Ra8 33. Ra1 Rxb2 34. Rcxa4 Rxa4 35. Rxa4 g5 36. Ra5 h6 37. Kg2 Kg7 38. Rc5 Rd2 39. Ra5 Rd5 40. Ra4 Kf6 41. Rb4 Kg6 42. Ra4 Rb5 43. Re4 Ra5 44. Re3 Ra4 45. Re2 Ra3 46. Re4 h5 47. gxh5+ Kxh5 48. Rb4 Rd3 49. Rb8 Rd4 50. Kg3 Kg6 51. Rb5 Kf6 52. Ra5 e5 53. Ra7 Kg6 54. f3 f6 55. Ra2 Rd3 56. Re2 Kf5 57. Re1 Ra3 58. Re4 Rd3 59. Ra4 Rd1 60. h4 Rd4 61. Rxd4 exd4 62. h5 Ke6 63. Kf2 f5 64. Ke2 g4 65. Kf2 Kf6 66. Kg3 d3 67. fxg4 d2 0-1

[Event "Titled Tuesday intern op 01st Aug Late"]
[Site "Chess.com INT"]
[Date "2023.08.01"]
[Round "4"]
[White "Morris Suzuki, Alan H"]
[Black "Khater, Sherif"]
[Result "1-0"]
[WhiteElo "1652"]
[BlackElo "2012"]
[PlyCount "49"]
[EventDate "2023.08.01"]
[EventType "swiss (blitz)"]
[EventRounds "11"]
[EventCountry "USA"]
[SourceTitle "EXT 2024"]
[Source "ChessBase"]
[SourceDate "2023.10.10"]
[SourceVersion "1"]
[SourceVersionDate "2023.10.10"]
[SourceQuality "1"]

1. e4 e5 2. Nf3 Nf6 3. Nxe5 d6 4. Nf3 Nxe4 5. Bd3 Nc5 6. Be2 d5 7. 0-0 Be7 8. d4 Ne4 9. Nc3 Nxc3 10. bxc3 0-0 11. Bd3 Nd7 12. Re1 Nf6 13. h3 Re8 14. Rb1 c6 15. Bf4 b5 16. Ne5 Bb7 17. Qf3 a6 18. Bg5 h6 19. Bh4 Rf8 20. Qf5 Bc8 21. Qf3 Bb7 22. Bxf6 Bxf6 23. Qf5 Re8 24. Qh7+ Kf8 25. Nd7+ 1-0

[Event "Titled Tuesday intern op 25th Jul Late"]
[Site "Chess.com INT"]
[Date "2023.07.25"]
[Round "4"]
[White "Khater, Sherif"]
[Black "Sargsyan, Anna M"]
[Result "0-1"]
[WhiteElo "2012"]
[BlackElo "2359"]
[PlyCount "118"]
[EventDate "2023.07.25"]
[EventType "swiss (blitz)"]
[EventRounds "11"]
[EventCountry "USA"]
[SourceTitle "EXT 2024"]
[Source "ChessBase"]
[SourceDate "2023.10.10"]
[SourceVersion "1"]
[SourceVersionDate "2023.10.10"]
[SourceQuality "1"]

1. d4 Nf6 2. Bg5 Ne4 3. Bf4 d5 4. f3 Nf6 5. e4 dxe4 6. Nc3 exf3 7. Nxf3 e6 8. Bc4 Be7 9. Qe2 0-0 10. 0-0-0 b6 11. Ne5 Nd5 12. Nxd5 exd5 13. Bd3 Bg5 14. g3 Be6 15. h4 Bxf4+ 16. gxf4 Nd7 17. f5 Nxe5 18. Qxe5 Bd7 19. Rdg1 f6 20. Qxd5+ Kh8 21. Qg2 Qe7 22. Re1 Qd6 23. Rhg1 Rg8 24. Bc4 Bxf5 25. Bxg8 Rxg8 26. c3 Qf4+ 27. Qd2 Qxh4 28. Re7 c5 29. d5 Qa4 30. b3 Qa3+ 31. Qb2 Qa6 32. c4 b5 33. cxb5 Qxb5 34. Rexg7 Rxg7 35. Qxf6 Bg6 36. d6 Qe8 37. Kb2 Kg8 38. Rc1 Rf7 39. Qg5 Rf5 40. Qd2 Qe5+ 41. Ka3 Qd5 42. Rd1 Qxd2 43. Rxd2 Rf8 44. Ka4 Rb8 45. d7 Rd8 46. Kb5 Bf5 47. Kxc5 Rxd7 48. Rf2 Bg4 49. b4 h5 50. a4 h4 51. Rg2 Rg7 52. b5 h3 53. Rh2 Bf5 54. a5 Rg2 55. Rh1 h2 56. b6 axb6+ 57. axb6 Rc2+ 58. Kd6 Be4 59. Re1 h1Q 0-1

[Event "Titled Tuesday intern op 18th Jul Late"]
[Site "Chess.com INT"]
[Date "2023.07.18"]
[Round "1"]
[White "Joel Paul, Ganta"]
[Black "Khater, Sherif"]
[Result "1-0"]
[WhiteElo "1974"]
[BlackElo "2012"]
[PlyCount "105"]
[EventDate "2023.07.18"]
[EventType "swiss (blitz)"]
[EventRounds "11"]
[EventCountry "USA"]
[SourceTitle "EXT 2024"]
[Source "ChessBase"]
[SourceDate "2023.10.10"]
[SourceVersion "1"]
[SourceVersionDate "2023.10.10"]
[SourceQuality "1"]

1. Nf3 d5 2. e4 dxe4 3. Ng5 Nf6 4. Bc4 e6 5. Qe2 Qd4 6. Nc3 Be7 7. Ncxe4 Nxe4 8. Nxe4 Nc6 9. c3 Qd8 10. d4 0-0 11. Bf4 Bd7 12. 0-0 Rc8 13. Bb3 Be8 14. Bc2 h6 15. Qd3 f5 16. Nd2 e5 17. Bxe5 Nxe5 18. dxe5 Qxd3 19. Bxd3 Rd8 20. Bc4+ Bf7 21. Bxf7+ Kxf7 22. Nf3 c5 23. Rfe1 Ke6 24. b4 g5 25. bxc5 Bxc5 26. Rad1 g4 27. Nd4+ Bxd4 28. cxd4 Rd5 29. Rb1 b5 30. Rbc1 Rxd4 31. Rc6+ Ke7 32. Rxh6 Ra4 33. e6 Rxa2 34. Rh7+ Kf6 35. h3 gxh3 36. gxh3 Rg8+ 37. Kf1 Re8 38. Rf7+ Kg5 39. e7 Rc2 40. h4+ Kg6 41. Rf8 Rcc8 42. Re6+ Kg7 43. Rxf5 Rb8 44. h5 b4 45. Rg6+ Kh8 46. Rh6+ Kg7 47. Rg6+ Kh7 48. Rf7+ Kh8 49. Rgg7 Rxe7 50. Rxe7 b3 51. Rh7+ Kg8 52. Reg7+ Kf8 53. Rb7 1-0

[Event "Titled Tuesday intern op 13th Jun Early"]
[Site "Chess.com INT"]
[Date "2023.06.13"]
[Round "2"]
[White "Georg, Heinz"]
[Black "Khater, Sherif"]
[Result "0-1"]
[WhiteElo "2118"]
[BlackElo "2012"]
[PlyCount "74"]
[EventDate "2023.06.13"]
[EventType "swiss (blitz)"]
[EventRounds "11"]
[EventCountry "USA"]
[SourceTitle "EXT 2024"]
[Source "ChessBase"]
[SourceDate "2023.10.10"]
[SourceVersion "1"]
[SourceVersionDate "2023.10.10"]
[SourceQuality "1"]

1. e4 e5 2. Nf3 Nf6 3. Nc3 Bb4 4. Nxe5 0-0 5. Nd3 Bxc3 6. dxc3 Nxe4 7. Be2 Re8 8. 0-0 d5 9. Bf3 c6 10. Re1 Bf5 11. Be3 Nd7 12. a4 Bg6 13. a5 a6 14. Nf4 Ndf6 15. Bb6 Qd7 16. Nxg6 hxg6 17. g3 Nd6 18. Rxe8+ Rxe8 19. b3 Nfe4 20. Qd4 Nb5 21. Qd3 Nexc3 22. Kg2 Qf5 23. Qd2 g5 24. h3 f6 25. Bc5 Qe6 26. Bb4 d4 27. Qd3 Qe5 28. Rh1 Qe6 29. g4 Nd5 30. Bd2 Qe5 31. h4 Nf4+ 32. Bxf4 Qxf4 33. hxg5 Qxg5 34. Qh7+ Kf7 35. Rh5 Qg6 36. Qxg6+ Kxg6 37. Kg3 Re5 0-1

[Event "Titled Tuesday intern op 13th Jun Early"]
[Site "Chess.com INT"]
[Date "2023.06.13"]
[Round "1"]
[White "Khater, Sherif"]
[Black "Deac, Bogdan Daniel"]
[Result "0-1"]
[WhiteElo "2012"]
[BlackElo "2693"]
[PlyCount "119"]
[EventDate "2023.06.13"]
[EventType "swiss (blitz)"]
[EventRounds "11"]
[EventCountry "USA"]
[SourceTitle "EXT 2024"]
[Source "ChessBase"]
[SourceDate "2023.10.10"]
[SourceVersion "1"]
[SourceVersionDate "2023.10.10"]
[SourceQuality "1"]

1. e4 Nf6 2. Nc3 d5 3. exd5 Nxd5 4. Bc4 Nb6 5. Bb3 Nc6 6. Nge2 Na5 7. 0-0 Nxb3 8. axb3 g6 9. d3 Bg7 10. Be3 Nd7 11. Qd2 0-0 12. Bh6 Nf6 13. Bxg7 Kxg7 14. Rfe1 b6 15. Ng3 Bb7 16. Qg5 e6 17. h3 Nd7 18. Qd2 a5 19. Nce2 Qf6 20. Qc3 Qxc3 21. bxc3 b5 22. Nd4 b4 23. c4 c5 24. Nb5 Bc6 25. Nd6 a4 26. bxa4 Rxa4 27. Rxa4 Bxa4 28. Re2 Ra8 29. Nge4 h6 30. Nb7 Rc8 31. Kf1 Rc7 32. Nbd6 Ra7 33. Ke1 Bc6 34. Kd2 Ra2 35. Kc1 f5 36. Nd2 Kf6 37. f4 e5 38. fxe5+ Nxe5 39. Nb3 Nxd3+ 40. Kb1 Ra3 41. Ne8+ Bxe8 42. Rxe8 Ne5 43. Nxc5 Nxc4 44. Nd7+ Kg5 45. Ne5 Nxe5 46. Rxe5 Rg3 47. Re2 b3 48. cxb3 Rxb3+ 49. Kc1 Rg3 50. Kd1 Kf4 51. Ke1 Re3 52. Kf2 Rxe2+ 53. Kxe2 Kg3 54. Kf1 f4 55. Kg1 f3 56. gxf3 Kxf3 57. Kh2 h5 58. h4 Kg4 59. Kg2 Kxh4 60. Kh2 0-1

[Event "Titled Tuesday intern op 28th Mar Late"]
[Site "Chess.com INT"]
[Date "2023.03.28"]
[Round "1"]
[White "Maghsoodloo, Parham"]
[Black "Khater, Sherif"]
[Result "1-0"]
[WhiteElo "2726"]
[BlackElo "2012"]
[PlyCount "89"]
[EventDate "2023.03.28"]
[EventType "swiss (blitz)"]
[EventRounds "11"]
[EventCountry "USA"]
[SourceTitle "EXT 2024"]
[Source "ChessBase"]
[SourceDate "2023.10.10"]
[SourceVersion "1"]
[SourceVersionDate "2023.10.10"]
[SourceQuality "1"]

1. d4 d5 2. c4 e6 3. Nf3 Nf6 4. Nc3 c6 5. Bg5 dxc4 6. e4 b5 7. e5 h6 8. Bh4 g5 9. Nxg5 hxg5 10. Bxg5 Nbd7 11. exf6 Bb7 12. g3 Qb6 13. Bg2 c5 14. d5 0-0-0 15. 0-0 b4 16. Na4 Qb5 17. dxe6 Bxg2 18. Kxg2 Qc6+ 19. Qf3 Rxh2+ 20. Kxh2 Qxf3 21. exd7+ Rxd7 22. Rae1 Bd6 23. Bh4 Rd8 24. Re3 Qg4 25. Kg2 Rh8 26. Rh1 Qd7 27. b3 Qc6+ 28. f3 c3 29. Rd1 Rd8 30. Re4 Bc7 31. Rxd8+ Bxd8 32. Nxc5 Qxc5 33. Rc4 Qxc4 34. bxc4 c2 35. Bg5 Bxf6 36. Bc1 Kd7 37. Kf2 Kc6 38. Ke2 Kc5 39. Kd3 Bd4 40. g4 a5 41. g5 a4 42. f4 b3 43. axb3 axb3 44. Ba3+ Kc6 45. Kxd4 1-0

[Event "Titled Tuesday intern op 29th Nov Late"]
[Site "Chess.com INT"]
[Date "2022.11.29"]
[Round "2"]
[White "Boruchovsky, Avital"]
[Black "Khater, Sherif"]
[Result "1-0"]
[WhiteElo "2552"]
[BlackElo "2012"]
[PlyCount "61"]
[EventDate "2022.11.29"]
[EventType "swiss (blitz)"]
[EventRounds "11"]
[EventCountry "USA"]
[SourceTitle "EXT 2024"]
[Source "ChessBase"]
[SourceDate "2023.10.10"]
[SourceVersion "1"]
[SourceVersionDate "2023.10.10"]
[SourceQuality "1"]

1. g3 d5 2. Nf3 Nf6 3. Bg2 g6 4. 0-0 Bg7 5. d3 0-0 6. Nbd2 b6 7. e4 dxe4 8. dxe4 Bb7 9. e5 Nd5 10. Re1 e6 11. Ne4 h6 12. a3 a5 13. c4 Ne7 14. Qc2 Nbc6 15. Bf4 Nf5 16. Rad1 Qe7 17. h4 Rad8 18. Qc1 Kh7 19. Nf6+ Bxf6 20. exf6 Qxf6 21. Bxc7 Rxd1 22. Rxd1 Ncd4 23. Nxd4 Nxd4 24. Qe3 Bxg2 25. Qxd4 Qf3 26. Rd3 Qb7 27. Qxb6 Rc8 28. Qxb7 Bxb7 29. Rd7 Kg8 30. Bxa5 Rxc4 31. Rxb7 1-0

[Event "Titled Tuesday intern op 22nd Nov Late"]
[Site "Chess.com INT"]
[Date "2022.11.22"]
[Round "2"]
[White "Maksimovic, Bojan"]
[Black "Khater, Sherif"]
[Result "1-0"]
[WhiteElo "2486"]
[BlackElo "2012"]
[PlyCount "99"]
[EventDate "2022.11.22"]
[EventType "swiss (blitz)"]
[EventRounds "11"]
[EventCountry "USA"]
[SourceTitle "CBM 211 Extra"]
[Source "ChessBase"]
[SourceDate "2023.01.31"]
[SourceVersion "1"]
[SourceVersionDate "2023.01.31"]
[SourceQuality "1"]

1. e4 e5 2. Nf3 Nc6 3. c3 d6 4. d4 Be7 5. Bd3 Nf6 6. h3 h6 7. 0-0 0-0 8. Nbd2 Bd7 9. Re1 Re8 10. dxe5 Nxe5 11. Nxe5 dxe5 12. Qc2 Bc5 13. b4 Bb6 14. Nc4 Be6 15. a4 a6 16. a5 Ba7 17. Be3 Bxe3 18. Nxe3 Qe7 19. Rad1 Red8 20. Bc4 Rxd1 21. Rxd1 Rd8 22. Rxd8+ Qxd8 23. Bxe6 fxe6 24. Nc4 Nd7 25. Qd3 Qe7 26. Qd1 Kh7 27. g3 Kg8 28. Kg2 Nf6 29. Qf3 Nd7 30. Qh5 Qf7 31. Qd1 Qe7 32. h4 Nf6 33. Nxe5 Nxe4 34. Qf3 Nd6 35. c4 Qf6 36. c5 Qxe5 37. cxd6 Qxd6 38. Qxb7 Kh7 39. b5 axb5 40. a6 c6 41. a7 Qd5+ 42. Kh2 Qc5 43. Kg1 Qc1+ 44. Kg2 Qc5 45. a8Q Qd5+ 46. Kh2 Qf3 47. Qxc6 Qxf2+ 48. Qg2 Qf5 49. Qae4 Kg6 50. g4 1-0

[Event "Titled Tuesday intern op 23rd Aug Late"]
[Site "Chess.com INT"]
[Date "2022.08.23"]
[Round "4"]
[White "Khater, Sherif"]
[Black "Jarocka, Liwia"]
[Result "1-0"]
[WhiteElo "2012"]
[BlackElo "2127"]
[PlyCount "176"]
[EventDate "2022.08.23"]
[EventType "swiss (blitz)"]
[EventRounds "11"]
[EventCountry "USA"]
[SourceTitle "EXT 2023"]
[Source "ChessBase"]
[SourceDate "2022.10.05"]
[SourceVersion "1"]
[SourceVersionDate "2022.10.05"]
[SourceQuality "1"]

1. d4 Nf6 2. Nf3 e6 3. e3 d5 4. Bd3 c5 5. 0-0 Be7 6. Kh1 0-0 7. c3 Nbd7 8. Ne5 Nxe5 9. dxe5 Nd7 10. f4 g6 11. Rf3 b6 12. Rh3 Re8 13. Qe1 Bb7 14. Nd2 Nf8 15. Nf3 Rc8 16. Bd2 Qd7 17. Qg3 Bc6 18. Ng5 Bb5 19. Bc2 Bxg5 20. fxg5 d4 21. exd4 cxd4 22. Be4 Bc6 23. Bxc6 Rxc6 24. Qh4 d3 25. b3 Qd5 26. Re1 b5 27. Rhe3 Rd8 28. h3 a5 29. Rf1 a4 30. Qf4 Qd7 31. c4 bxc4 32. bxc4 Rdc8 33. Rc1 Qc7 34. Re4 Nd7 35. Bc3 a3 36. Rf1 Nc5 37. Rd4 Na4 38. Bb4 Nb6 39. Bd6 Qa7 40. c5 Nd5 41. Qf3 Qd7 42. Rxd3 Qe8 43. Rxd5 exd5 44. Qxd5 Qe6 45. Qxe6 fxe6 46. Rf3 Rxc5 47. Bxc5 Rxc5 48. Rxa3 Rxe5 49. Rg3 Ra5 50. a3 Ra4 51. Kh2 e5 52. Re3 Ra5 53. Kg3 Kf7 54. h4 Ke6 55. Kf3 Kf5 56. Rb3 Ra4 57. Kg3 Rg4+ 58. Kh3 Ra4 59. Rf3+ Ke6 60. Rb3 Ra7 61. g4 e4 62. Kg3 Ke5 63. Rb5+ Kd4 64. Kf4 e3 65. Rb4+ Kd5 66. Kxe3 Rxa3+ 67. Kf4 Ra7 68. Re4 Kd6 69. Re1 Rf7+ 70. Kg3 Kd7 71. h5 Kd6 72. h6 Kd7 73. Re3 Kd6 74. Re8 Kd7 75. Rg8 Ke6 76. Re8+ Kd7 77. Re1 Kd6 78. Re4 Kd7 79. Rf4 Re7 80. Rd4+ Kc7 81. Kf4 Rf7+ 82. Ke5 Kc8 83. Ke6 Rc7 84. Kf6 Rc5 85. Kg7 Rxg5 86. Kxh7 Kc7 87. Kg7 Kc6 88. h7 Kc5 1-0

[Event "Titled Tuesday intern op 23rd Aug Early"]
[Site "Chess.com INT"]
[Date "2022.08.23"]
[Round "2"]
[White "Khater, Sherif"]
[Black "Ocelak, Jakub"]
[Result "1/2-1/2"]
[WhiteElo "2012"]
[BlackElo "2149"]
[PlyCount "176"]
[EventDate "2022.08.23"]
[EventType "swiss (blitz)"]
[EventRounds "11"]
[EventCountry "USA"]
[SourceTitle "EXT 2023"]
[Source "ChessBase"]
[SourceDate "2022.10.05"]
[SourceVersion "1"]
[SourceVersionDate "2022.10.05"]
[SourceQuality "1"]

1. b3 a5 2. a4 d6 3. Bb2 Nd7 4. e3 Ngf6 5. Nf3 g6 6. d4 Bg7 7. Nbd2 0-0 8. Bd3 e5 9. dxe5 Ng4 10. h3 Ngxe5 11. Nxe5 Nxe5 12. Qc1 Qg5 13. Kf1 Qe7 14. Be2 f5 15. Nc4 Be6 16. Nxe5 Bxe5 17. Bxe5 dxe5 18. Qa3 Qf6 19. Qb2 f4 20. e4 Rad8 21. f3 Rd2 22. Rd1 Rxd1+ 23. Bxd1 Rd8 24. Be2 Rd4 25. Qc3 Qd8 26. Bd3 c6 27. Ke2 Qg5 28. Kf1 Qd8 29. h4 h5 30. Ke2 Qb6 31. Rd1 Qb4 32. Qxb4 axb4 33. a5 Kf7 34. Ra1 c5 35. a6 bxa6 36. Rxa6 c4 37. Ra7+ Kf6 38. bxc4 Bxc4 39. Rb7 Bxd3+ 40. cxd3 Ke6 41. Rb6+ Kf7 42. Kd2 Kg7 43. Kc2 Kf7 44. Rb5 Kf6 45. Kd2 Ke6 46. Ke2 Kf6 47. Rb8 Ke6 48. Re8+ Kf6 49. Rf8+ Ke7 50. Rb8 Kf6 51. Rb7 Ke6 52. Ra7 Kf6 53. Ra1 Ke6 54. Rd1 Kf6 55. Kd2 Ke6 56. Kc2 Kf6 57. Kb3 Ke6 58. Ka4 Kd6 59. Kb3 Ke6 60. Kc2 Kf6 61. Ra1 Ke6 62. Rg1 Kf6 63. Kd2 g5 64. hxg5+ Kxg5 65. Rh1 h4 66. Ke2 Kh5 67. Kd2 Kg5 68. Ra1 Kh5 69. Ra5 h3 70. gxh3 Kh4 71. Rxe5 Kg3 72. Rg5+ Kxf3 73. h4 Kf2 74. h5 Rd8 75. h6 Rh8 76. Rh5 f3 77. e5 Kg2 78. Rg5+ Kh3 79. Ke3 Rxh6 80. Rg1 Kh2 81. Rg8 Rb6 82. Rh8+ Kg3 83. Rg8+ Kh2 84. Kxf3 b3 85. Rh8+ Kg1 86. Rg8+ Kh2 87. Rh8+ Kg1 88. Rg8+ Kh2 1/2-1/2

[Event "Titled Tuesday intern op 23rd Aug Late"]
[Site "Chess.com INT"]
[Date "2022.08.23"]
[Round "5"]
[White "Rustemov, Alexander"]
[Black "Khater, Sherif"]
[Result "1-0"]
[WhiteElo "2525"]
[BlackElo "2012"]
[PlyCount "87"]
[EventDate "2022.08.23"]
[EventType "swiss (blitz)"]
[EventRounds "11"]
[EventCountry "USA"]
[SourceTitle "EXT 2023"]
[Source "ChessBase"]
[SourceDate "2022.10.05"]
[SourceVersion "1"]
[SourceVersionDate "2022.10.05"]
[SourceQuality "1"]

1. d4 g6 2. c4 Bg7 3. Nf3 d6 4. g3 Nf6 5. Bg2 0-0 6. Nc3 Nbd7 7. 0-0 e5 8. e4 Re8 9. h3 h6 10. Re1 a6 11. Be3 Kh7 12. Qc2 b6 13. Rad1 Qe7 14. Nd5 Nxd5 15. cxd5 Nf6 16. dxe5 dxe5 17. Rc1 Ra7 18. Nd2 Nh5 19. Nc4 Rb7 20. Red1 Rd8 21. d6 Qf8 22. dxc7 Rxd1+ 23. Qxd1 Rxc7 24. Nxb6 Rxc1 25. Qxc1 Be6 26. b3 Nf6 27. Nd5 Qd8 28. Qc4 Qa5 29. b4 Qa3 30. Qb3 Qxb3 31. axb3 Nxd5 32. exd5 Bd7 33. Bc5 f5 34. Bf1 Bc8 35. b5 axb5 36. Bxb5 Bf6 37. b4 Kg7 38. Bc6 Kf7 39. b5 Bd8 40. b6 Ba6 41. b7 Bc7 42. d6 Bb8 43. d7 Bc7 44. b8Q 1-0